|
|
|
|
| LEADER |
00000cam a2200000 a 4500 |
| 001 |
vtls001281489 |
| 003 |
SK-MaSNL |
| 005 |
20260331203641.0 |
| 008 |
250312s1966 xo al drnp 001 0 slo |
| 015 |
|
|
|a SNBA1966/02-00232
|
| 020 |
|
|
|a (viazané)
|
| 035 |
|
|
|a SNK000232908
|
| 035 |
|
|
|a 77F67878-7CA2-4777-B360-67F60577A250
|
| 035 |
|
|
|a urn:nbn:sk:snk-am00ifoe
|
| 040 |
|
|
|a SNK
|b slo
|c SNK
|e AACR2
|
| 041 |
0 |
|
|a slo
|
| 044 |
|
|
|a xo
|c SK
|
| 072 |
|
7 |
|a 615.8
|x Fyzioterapia. Psychoterapia. Alternatívna medicína
|2 konspekt
|
| 072 |
|
7 |
|a 37.016
|x Učebné osnovy. Vyučovacie predmety. Učebnice
|2 konspekt
|
| 072 |
|
7 |
|a 61
|x Lekárske vedy. Medicína
|2 konspekt
|
| 080 |
|
|
|a 615.8
|2 2011
|
| 080 |
|
|
|a 615.825
|2 2011
|
| 080 |
|
|
|a (075.3)
|2 2011
|
| 080 |
|
|
|a 61:796
|2 2001
|
| 100 |
1 |
|
|a Lánik, Vladimír,
|d 1922-1993
|4 com
|9 7084
|
| 245 |
1 |
0 |
|a Liečebná telesná výchova a rehabilitácia
|n 1.
|p Chirurgické odbory
|b učebnica pre stredné zdravotnícke školy, odbor rehabilitačných pracovníkov
|c zostavil: Vladimír Lánik a kol. ; ilustrácie Július Cibuľa ; fotografie František Perlík ; úvod: Ján Červeňanský]
|
| 246 |
3 |
0 |
|a Chirurgické odbory
|
| 250 |
|
|
|a 1. vyd.
|
| 260 |
|
|
|a Bratislava
|b Obzor
|c 1966
|
| 300 |
|
|
|a 344 strán
|b ilustrácie, schémy, tabuľky
|c 21 cm
|
| 366 |
|
|
|e 1300 kusov
|
| 500 |
|
|
|a Obsahuje slovníky
|
| 504 |
|
|
|a Obsahuje register
|
| 650 |
0 |
7 |
|a liečebná rehabilitácia
|2 SNKPH
|9 3306
|
| 650 |
0 |
7 |
|a liečebná telesná výchova
|2 SNKPH
|9 253514
|
| 650 |
0 |
7 |
|a telovýchovné lekárstvo
|2 SNKPH
|9 75254
|
| 655 |
|
7 |
|a učebnice stredných škôl
|2 SNKPH
|9 69323
|
| 700 |
1 |
|
|a Cibula, Július,
|d 1908-
|4 ill
|9 38577
|
| 700 |
1 |
|
|a Perlík, František,
|d 1940-2020
|4 pht
|9 631288
|
| 700 |
1 |
|
|a Červeňanský, Ján,
|d 1905-1977
|4 aui
|9 86646
|
| 852 |
|
|
|a Slovenská národná knižnica
|
| 954 |
|
|
|a odborná, vedecká literatúra pôvodná (slovenská)
|2 lita
|
| 958 |
|
|
|a RK
|
| 958 |
|
|
|a TL
|
| 958 |
|
|
|a MI
|
| 958 |
|
|
|a NB
|
| 958 |
|
|
|a OND
|
| 958 |
|
|
|a UC
|
| 999 |
|
|
|c 972049
|d 973979
|
| 952 |
|
|
|t P60, <04>, [BOOK], {604}
|a SNK
|b SNK
|y VYP
|7 0
|p 17A0058347
|o snkSC 21064/1 D1
|0 0
|1 0
|4 0
|d 1997-03-27
|l 0
|r 2005-01-02 00:00:00
|w 2026-02-24
|
| 952 |
|
|
|t P60, <04>, [BOOK], {604}
|a SNK
|b SNK
|y VYP
|7 0
|p 17A0417027
|o snkSC 21064/1 D2
|i snkKSP 2160/66
|8 0
|0 0
|1 0
|4 0
|d 2004-03-04
|l 0
|r 2005-01-02 00:00:00
|w 2026-02-24
|
| 952 |
|
|
|a SNK
|b SNK
|y PREZ
|7 0
|p 17A0803488
|o snkSC 21064/1
|i snkKSP 1789/66
|0 0
|1 0
|4 0
|d 2012-08-27
|f 1
|l 0
|r 2025-08-13 00:00:00
|w 2026-02-24
|